000 01140cam a22002531 4500
001 e 39000153
003 DLC
005 20260227111228.0
008 800211s1939 dcuae b f000 0 eng c
010 _ae 39000153
035 _a(OCoLC)5970546
040 _aU.S. Office of Education. Library
_cICSU
_dOCoLC
_dDLC
043 _ae-gx---
050 0 0 _aL111
_b.A6 1938, no. 15
051 _aLA722
_b.L72
100 1 _aLindegren, Alina Marie,
_d1887-
245 1 0 _aEducation in Germany,
_cby Alina M. Lindegren, Specialist in Western European Education. United States Department of the Interior, Harold L. Ickes, Secretary. Office of Education, J. W. Studebaker, Commissioner.
260 _aWashington,
_bU.S. Govt. Print. Off.,
_c1939.
300 _axii, 145 p.
_billus., plans, tables.
_c23 cm.
490 0 _aU. S. Office of Education. Bulletin 1938,
_vno. 15
501 _aCopies 1 and 2 of L111.A6 with: Local school unit organization in ten states / Henry F. Alves. Washington : U.S. Govt. Print. Off., 1939. Bound together subsequent to publication.
_5DLC
504 _aBibliography: p. 143-145.
650 0 _aEducation
_zGermany.
999 _c21653
_d21653